Sports Quiz

Random Sports or Rugby Quiz

England 2003 Rugby Champions Quiz Stats

Quiz not verified by Sporcle

Challenge
Share
Tweet
Embed
Score 0/30 Timer 15:00
0 Plays Today
Position Player % Correct
Fly HalfJonny Wilkinson
96.7%
Second RowMartin Johnson
94.4%
Winger/FullbackJason Robinson
93.2%
Scrum HalfMatt Dawson
92.1%
HookerSteve Thompson
86.7%
CentreWill Greenwood
85.2%
CentreMike Tindall
83.6%
FlankerNeil Back
82.2%
Winger/FullbackJosh Lewsey
81%
WingerBen Cohen
80.8%
Second Row Ben Kay
79.9%
CentreMike Catt
78.2%
Number 8Lawrence Dallaglio
77.9%
FlankerRichard Hill
76.3%
FlankerLewis Moody
75.8%
Position Player % Correct
PropPhil Vickery
75.2%
PropJason Leonard
66.8%
Scrum HalfKyran Bracken
60.7%
Second RowSimon Shaw
60.5%
Winger/FullbackIain Balshaw
58.2%
Number 8Martin Corry
57%
WingerDan Luger
53.7%
Second RowDanny Grewcock
53.4%
Fly HalfPaul Grayson
52.1%
FlankerJoe Worsley
50.4%
Scrum HalfAndy Gomarsall
43%
HookerMark Regan
41.9%
HookerDorian West
38.9%
Centre Stuart Abbot
36.7%
PropJulian White
34.2%

You're not logged in!

Compare scores with friends on all Sporcle quizzes.
Join for Free
OR
Log In

You Might Also Like...

Show Comments

Extras

Top Quizzes Today


Score Distribution

Your Account Isn't Verified!

In order to create a playlist on Sporcle, you need to verify the email address you used during registration. Go to your Sporcle Settings to finish the process.

Report this User

Report this user for behavior that violates our Community Guidelines.

Details: